[Event "Madras Shaastra rapid 4th"]
[Site "Madras"]
[Date "2020.02.22"]
[Round "1"]
[White "Narayanan, Srinath"]
[Black "Harish, Ganesh"]
[Result "1-0"]
[WhiteElo "2535"]
[BlackElo "1228"]
[PlyCount "71"]
[EventDate "2020.02.22"]
[EventType "swiss (rapid)"]
[EventRounds "10"]
[EventCountry "IND"]
[SourceTitle "CBM 195 Extra"]
[Source "ChessBase"]
[SourceDate "2020.05.31"]
[SourceVersion "1"]
[SourceVersionDate "2020.05.31"]
[SourceQuality "1"]

1. e4 d6 2. d4 Nf6 3. Nc3 g6 4. Be3 Bg7 5. Qd2 0-0 6. f3 Nc6 7. 0-0-0 e5 8. Nge2 exd4 9. Nxd4 Ne5 10. h4 Bd7 11. Bh6 Re8 12. h5 Qe7 13. Bxg7 Kxg7 14. hxg6 fxg6 15. Be2 a6 16. g4 Rh8 17. g5 Nh5 18. f4 Ng4 19. f5 Qe5 20. Bxg4 Ng3 21. Rhe1 Bc6 22. Nf3 Qe8 23. Qf2 Nh5 24. Bxh5 gxh5 25. Qd4+ Kg8 26. Nd5 Bxd5 27. exd5 Qf7 28. g6 hxg6 29. f6 c5 30. dxc6 Qxa2 31. Re7 Qa1+ 32. Kd2 Qa5+ 33. b4 Qf5 34. Rg7+ Kf8 35. Qxd6+ Ke8 36. Qe7# 1-0